书目信息 |
| 题名: |
横财
|
|
| 作者: | 芬克 著 ;王佳存 译 | |
| 分册: | ||
| 出版信息: | 南京 江苏人民出版社 2018 |
|
| 页数: | 11,285页 | |
| 开本: | 23cm | |
| 丛书名: | ||
| 单 册: | ||
| 中图分类: | F272 | |
| 科图分类: | ||
| 主题词: | 企业经营管理--通俗读物 | |
| 电子资源: | ||
| ISBN: | 978-7-214-20727-2 | |
| 000 | 01232nam0 2200313 450 | |
| 001 | 009715471 | |
| 005 | 20181213110551.0 | |
| 010 | @a978-7-214-20727-2@dCNY48.00 | |
| 049 | @aA330000ZJL@bUCS01009080160@c3358040 | |
| 090 | @aF272@bfk | |
| 096 | @aF272@bfk | |
| 100 | @a20180716d2018 em y0chiy0120 ea | |
| 101 | 1 | @achi@ceng |
| 102 | @aCN@b320000 | |
| 105 | @aa z 000yy | |
| 106 | @ar | |
| 200 | 1 | @a横财@9heng cai@b专著@e全球变暖 生意兴隆@dWindfall@ethe booming business of global warming@f(美)麦肯齐·芬克(McKenzie Funk)著@g王佳存译@zeng |
| 210 | @a南京@c江苏人民出版社@d2018 | |
| 215 | @a11,285页@c彩照@d23cm | |
| 300 | @a同一颗星球 | |
| 330 | @a本书作者走遍24个国家,考察世界各地的企业家如何从全球变暖问题中发掘商机,如:以色列商人从融化的冰川中获取水源,气候干燥促进美国加州保险公司的私人消防业务发展,洪涝危机让荷兰建筑师着手建造漂浮的城市。 | |
| 510 | 1 | @aWindfall@ethe booming business of global warming@zeng |
| 517 | 1 | @a全球变暖 生意兴隆@9quan qiu bian nuan sheng yi xing long |
| 606 | 0 | @a企业经营管理@j通俗读物 |
| 690 | @aF272@v5 | |
| 701 | 0 | @c(美)@a芬克@9fen ke@c(Funk, McKenzie)@4著 |
| 702 | 0 | @a王佳存@9wang jia cun@4译 |
| 801 | 0 | @aCN@b人天书店@c20180619 |
| 905 | @aTSG@dF272@eF395@f1 | |
| 横财:全球变暖 生意兴隆=Windfall:the booming business of global warming/(美)麦肯齐·芬克(McKenzie Funk)著/王佳存译.-南京:江苏人民出版社,2018 |
| 11,285页:彩照;23cm |
| 同一颗星球 |
| ISBN 978-7-214-20727-2:CNY48.00 |
| 本书作者走遍24个国家,考察世界各地的企业家如何从全球变暖问题中发掘商机,如:以色列商人从融化的冰川中获取水源,气候干燥促进美国加州保险公司的私人消防业务发展,洪涝危机让荷兰建筑师着手建造漂浮的城市。 |
| ● |
| 相关链接 |
|
|
|
正题名:横财
索取号:F272/F395
 
预约/预借
| 序号 | 登录号 | 条形码 | 馆藏地/架位号 | 状态 | 备注 |
| 1 | 1533718 | 215337188 | 社科库409/409社科库 87排1列5层/ [索取号:F272/F395] | 在馆 |